Statystyki dla Czy znasz piłkarzy PSG +81 w fifie 22?

Kliknij tutaj aby rozwiązać quiz!

Ogólne statystyki

  • Ten quiz został rozwiązany 266 razy
  • Średni wynik to 12 z 17

Statystyki odpowiedzi

PodpowiedzOdpowiedz% Poprawnych
ArgentynaMessi
100%
BrazyliaNeymar
99%
FrancjaMbappe
98%
KostarykaNavas
92%
WłochyDonnarumma
89%
MarokoHakimi
89%
WłochyVerratti
84%
HiszpaniaRamos
79%
ArgentynaDi maria
77%
BrazyliaMarquinhos
64%
FrancjaKimpembe
63%
ArgentynaParedes
63%
HolandiaWijnaldum
58%
SenegalGueye
57%
Argentynaicardi
55%
HiszpaniaBernat
48%
PortugaliaPereira
35%

Rozkład punktacji

Percentyl według liczby udzielonych odpowiedzi

Procent ludzi z każdym wynikiem

Twoja historia wyników

Nie rozwiązałeś tego quizu